000 00286nam a2200109Ia 4500
008 200302s9999 xx 000 0 und d
100 _aMadhav Deobhakta
245 _aArbitration for Architects and Project Managers
260 _bPragati Offset Pvt. Ltd.,
260 _c2011
300 _a152
999 _c3418
_d3418